[Event "BUL-ch"]
[Site "Sofia"]
[Date "1984.??.??"]
[Round "?"]
[White "Grigorov, Jordan N"]
[Black "Georgiev, Kiril"]
[Result "1/2-1/2"]
[WhiteElo "2395"]
[BlackElo "2515"]

1.e4 e5 2.Nf3 Nc6 3.Bb5 a6 4.Ba4 Nf6 5.O-O Be7 6.Re1 b5 7.Bb3 d6 8.a4 Bb7
9.d3 O-O 10.Nc3 Na5 11.Ba2 b4 12.Ne2 c5 13.Bd2 Bc8 14.Ng3 Be6 15.Bxe6 fxe6
16.h3 Nc6 17.c3 bxc3 18.bxc3 Qd7 19.Be3 Rab8 20.Qe2 Rb3 21.d4 cxd4 22.cxd4 exd4
23.Nxd4 Nxd4 24.Bxd4 Rb4 25.Qd2 Rxa4 26.Rxa4 Qxa4 27.Ra1 Qb3 28.Qe2 Ra8 29.Bxf6 Bxf6
30.Rxa6 Rxa6 31.Qxa6 Qd1+ 32.Kh2 Qd4 33.Qc8+ Kf7 34.Qd7+ Be7 35.f4 g6 36.Qb7 Qf6
37.Ne2 g5 38.g3 gxf4 39.gxf4  1/2-1/2

[Event "BUL-ch"]
[Site "Sofia"]
[Date "1984.??.??"]
[Round "?"]
[White "Popov, Luben"]
[Black "Georgiev, Kiril"]
[Result "1/2-1/2"]
[WhiteElo "2395"]
[BlackElo "2515"]

1.d4 Nf6 2.c4 e6 3.Nf3 b6 4.g3 Bb7 5.Bg2 Be7 6.O-O O-O 7.Nc3 Ne4 8.Nxe4 Bxe4
9.Ne1 Bxg2 10.Nxg2 d5 11.cxd5 exd5 12.Qa4 Qd7 13.Qxd7 Nxd7 14.Nf4 Nf6 15.Nd3 Rfe8
16.Bg5 c5 17.dxc5 bxc5 18.Rac1 Nd7 19.Bxe7 Rxe7 20.Nxc5 Nxc5 21.Rxc5 Rxe2
22.Rxd5 Rxb2 23.Ra5  1/2-1/2

[Event "BUL-ch"]
[Site "Sofia"]
[Date "1984.??.??"]
[Round "?"]
[White "Velikov, Petar"]
[Black "Georgiev, Kiril"]
[Result "1/2-1/2"]
[WhiteElo "2460"]
[BlackElo "2515"]

1.c4 g6 2.Nc3 c5 3.g3 Bg7 4.Bg2 Nc6 5.a3 a6 6.Rb1 Rb8 7.b4 cxb4 8.axb4 b5
9.cxb5 axb5 10.Nf3 Nf6 11.d4 d5  1/2-1/2

[Event "Hoogovens-B"]
[Site "Wijk aan Zee"]
[Date "1984.??.??"]
[Round "1"]
[White "De Wit, Johannes S"]
[Black "Georgiev, Kiril"]
[Result "0-1"]
[WhiteElo "2395"]
[BlackElo "2430"]

1.e4 c5 2.Nf3 d6 3.d4 cxd4 4.Nxd4 Nf6 5.Nc3 g6 6.Be2 Bg7 7.O-O Nc6 8.Nb3 O-O
9.Bg5 a6 10.a4 Rb8 11.Bh4 Be6 12.Kh1 Na5 13.e5 Nxb3 14.exf6 Bxf6 15.Bxf6 Nxa1
16.Bh4 Nxc2 17.Qxc2 Qd7 18.Qd2 f6 19.Bf3 d5 20.Bxd5 Rbd8 21.Bxe6+ Qxe6 22.Qe1 Qc4
23.Bg3 Rd2 24.Kg1 Rxb2 25.Nd1 Re2 26.Ne3 Rxe1 27.Nxc4 Rxf1+ 28.Kxf1 Rc8  0-1

[Event "Hoogovens-B"]
[Site "Wijk aan Zee"]
[Date "1984.??.??"]
[Round "2"]
[White "Georgiev, Kiril"]
[Black "Van Mil, Johannes A J"]
[Result "1-0"]
[WhiteElo "2430"]
[BlackElo "2370"]

1.d4 Nf6 2.c4 g6 3.Nf3 Bg7 4.g3 O-O 5.Bg2 d5 6.O-O dxc4 7.Na3 c3 8.bxc3 c5
9.Qb3 Nc6 10.Rd1 cxd4 11.cxd4 Qd5 12.Ne5 Qxb3 13.axb3 Nxe5 14.dxe5 Nd7 15.f4 Nc5
16.b4 Nb3 17.Rb1 Be6 18.Be3 a5 19.b5 Rab8 20.b6 a4 21.Nb5 Rfc8 22.Nc7 Bc4
23.Rb2 e6 24.Rc2 Na5 25.Rdc1 Bb3 26.Rc5 Nc6 27.Bxc6 bxc6 28.Rxc6 Bf8 29.Na6 Rxc6
30.Rxc6 Rb7 31.Nc5 Bxc5 32.Bxc5 h5 33.Kf2 Bd5 34.Rc7 Rb8 35.Ra7 Bc6 36.Ke3 Kg7
37.Kd4 g5 38.fxg5 Rb7 39.Ke3 Kg6 40.Kf4 Rxa7 41.bxa7 Ba8 42.g4 Bc6 43.Be7 Ba8
44.Kg3  1-0

[Event "Hoogovens-B"]
[Site "Wijk aan Zee"]
[Date "1984.??.??"]
[Round "3"]
[White "Paolozzi, Marcos"]
[Black "Georgiev, Kiril"]
[Result "0-1"]
[WhiteElo "2410"]
[BlackElo "2430"]

1.e4 c5 2.Nf3 d6 3.d4 cxd4 4.Nxd4 Nf6 5.Nc3 g6 6.Be3 Bg7 7.f3 O-O 8.Qd2 Nc6
9.O-O-O d5 10.exd5 Nxd5 11.Nxc6 bxc6 12.Bd4 e5 13.Bc5 Be6 14.Ne4 Re8 15.h4 h6
16.g4 Qc7 17.g5 h5 18.Bc4 Rad8 19.Qe1 Nf4 20.Qc3 Rd5 21.Bd6 Qb6 22.Kb1 Rd4
23.Rxd4 exd4 24.Qb3 Bxc4 25.Qxc4 Ne6 26.Rf1 Rd8 27.f4 d3 28.c3 Qe3 29.Rd1 Qh3
30.Rxd3 Qxh4 31.Kc2 Qg4 32.Qxc6 h4 33.Nf2 Qg1 34.Qf3 Rc8 35.Kb3 h3 36.Rd1 h2
37.a3 Rd8 38.Ne4 Nc5+ 39.Nxc5 Rxd6 40.Nd3 Rxd3  0-1

[Event "Hoogovens-B"]
[Site "Wijk aan Zee"]
[Date "1984.??.??"]
[Round "6"]
[White "Georgiev, Kiril"]
[Black "Gutman, Lev"]
[Result "1/2-1/2"]
[WhiteElo "2430"]
[BlackElo "2480"]

1.d4 Nf6 2.c4 g6 3.Nf3 Bg7 4.g3 O-O 5.Bg2 d5 6.O-O dxc4 7.Na3 a5 8.Nxc4 Be6
9.b3 c5 10.Bb2 Nc6 11.Nce5 a4 12.bxa4 Qb6 13.Rb1 Bxa2 14.dxc5 Qxc5 15.Ra1 Bd5
16.Nd3 Qb6 17.Nd2 Bxg2 18.Kxg2 Nb4 19.Nxb4 Qxb4 20.Ba3 Qxa4 21.Qxa4 Rxa4
22.Bxe7 Rxa1 23.Rxa1 Re8 24.Ba3 Rxe2 25.Bb4 h6 26.Kf1 Re6 27.Ra8+ Kh7 28.Rd8 g5
29.h3 Kg6 30.Bc3 Rc6 31.Bd4 Ne8 32.Be3 Nd6 33.g4 Bf6 34.Rg8+ Kh7 35.Rb8 Kg7
36.Ke2 Bc3 37.Nf3 Rc8 38.Rxc8 Nxc8 39.h4 f6 40.Kd3 Ba1 41.hxg5 hxg5 42.Nd4 Bxd4
43.Kxd4 Ne7 44.Ke4 Ng6 45.Bd4 Kf7 46.Kf5 Ne7+ 47.Ke4 Ke6 48.f4 gxf4 49.Kxf4 Ng6+
50.Kg3 b5 51.Bc3 Ne5 52.Kh4 Kf7 53.g5 Nf3+ 54.Kg4 Nxg5 55.Kf5 Nh7 56.Bb4 Ng5
57.Bc3 Nh7 58.Bb2 Ke7 59.Ba3+ Kd7 60.Bb4 Kc7 61.Ke6 Kb6 62.Kf5  1/2-1/2

[Event "Hoogovens-B"]
[Site "Wijk aan Zee"]
[Date "1984.??.??"]
[Round "9"]
[White "Ilic, Zoran"]
[Black "Georgiev, Kiril"]
[Result "1/2-1/2"]
[WhiteElo "2445"]
[BlackElo "2430"]

1.Nf3 g6 2.d4 f5 3.g3 Bg7 4.Bg2 Nf6 5.b3 d6 6.Bb2 O-O 7.O-O Na6 8.c4 Qe8
9.Nbd2 c6 10.Re1 Nc7 11.e3 b5 12.Qe2 bxc4 13.bxc4 Rb8 14.Bc3 Ba6 15.Qd1 Ne4
16.Ba5 Ne6 17.Qc2 Kh8 18.Rab1 Qd7 19.Rec1 Nxd2 20.Nxd2 c5 21.d5 Nc7 22.Rb3 Rxb3
23.axb3 Bb7 24.Bc3 e6 25.dxe6 Nxe6 26.Bxg7+ Qxg7 27.Qc3 Qxc3 28.Rxc3 Bxg2
29.Kxg2 Rd8 30.Rd3 Kg7 31.f4 Kf6 32.Kf3 h5 33.h3 g5 34.Nb1  1/2-1/2

[Event "Sarajevo"]
[Site "Sarajevo"]
[Date "1985.??.??"]
[Round "2"]
[White "Georgiev, Kiril"]
[Black "Marjanovic, Slavoljub"]
[Result "1/2-1/2"]
[WhiteElo "2535"]
[BlackElo "2505"]

1.d4 d5 2.Nf3 c5 3.c4 e6 4.cxd5 exd5 5.Bg5 Be7 6.Bxe7 f6 7.dxc5 Qa5+ 8.Nc3 Nc6
9.e3 Qxc5 10.Bd6 f5 11.Bxc5  1/2-1/2

[Event "Sarajevo"]
[Site "Sarajevo"]
[Date "1985.??.??"]
[Round "10"]
[White "Georgiev, Kiril"]
[Black "Lalic, Bogdan"]
[Result "1-0"]
[WhiteElo "2535"]
[BlackElo "2440"]

1.Nf3 Nf6 2.c4 e6 3.Nc3 d5 4.d4 Bb4 5.Bg5 Nbd7 6.cxd5 exd5 7.e3 c5 8.Bd3 Qa5
9.Qc2 c4 10.Bf5 O-O 11.O-O Re8 12.Nd2 g6 13.Bh3 Kg7 14.a3 Bxc3 15.bxc3 Ne4
16.Nxe4 dxe4 17.Bf4 Nb6 18.Bxc8 Raxc8 19.f3 exf3 20.Rxf3 f5 21.Be5+ Kg8 22.e4 fxe4
23.Qxe4 Qd5 24.Qh4 Nd7 25.Rh3 Qf7 26.Bd6 Re6 27.Rf1 Qg7 28.Bb4 g5 29.Qg4 Rce8
30.Qf3 h6 31.Qf5 Nb6 32.Rhf3 Qd7 33.h4 Qg7 34.hxg5 hxg5 35.Rg3 Rg6 36.Bd6 Nd7
37.Qd5+ Ree6 38.Re3 Nb6 39.Qxe6+ Rxe6 40.Rxe6 Nd5 41.Be5 Qd7 42.Rh6  1-0

[Event "Szirak"]
[Site "Szirak"]
[Date "1985.??.??"]
[Round "3"]
[White "Petran, Pal"]
[Black "Georgiev, Kiril"]
[Result "0-1"]
[WhiteElo "2440"]
[BlackElo "2555"]

1.d4 Nf6 2.c4 e6 3.Nf3 d5 4.Nc3 Be7 5.Bg5 h6 6.Bh4 O-O 7.e3 b6 8.Bd3 Bb7
9.O-O Nbd7 10.cxd5 Nxd5 11.Bg3 c5 12.Rc1 N7f6 13.Qe2 cxd4 14.Nxd4 Rc8 15.Nb1 Nb4
16.Bc4 Ne4 17.a3 Nxg3 18.hxg3 Nc6 19.Nxc6 Rxc6 20.Ba6 Ba8 21.Nc3 Bf6 22.Rfd1 Qe7
23.Nb5 Be5 24.f4 Bb8 25.Rxc6 Bxc6 26.Nd4 Be4 27.Bd3 Ba8 28.Rc1 Qd6 29.Qc2 e5
30.Nf3 exf4 31.exf4 Re8 32.Re1 Rxe1+ 33.Nxe1 Bb7 34.Nf3 Qe7 35.Kh2 g5 36.fxg5 hxg5
37.Qd2 f6 38.Bc4+ Kh8 39.Bd5 Bxg3+ 40.Kxg3 Qd6+ 41.Kg4 Bxd5 42.Qc3 Qf4+  0-1

[Event "Szirak"]
[Site "Szirak"]
[Date "1985.??.??"]
[Round "5"]
[White "Yap, Andronico"]
[Black "Georgiev, Kiril"]
[Result "1/2-1/2"]
[WhiteElo "2425"]
[BlackElo "2555"]

1.d4 Nf6 2.Nf3 d5 3.g3 Bf5 4.Bg2 c6 5.O-O e6 6.c4 Be7 7.Nc3 h6 8.Bf4 Nbd7
9.c5 O-O 10.b4 Ne4 11.Qb3 Bf6 12.Rad1 Re8 13.Ne5 Nxc3 14.Qxc3 a5 15.a3 axb4
16.axb4 Ra2 17.e4 Bxe4 18.Bxe4 dxe4 19.Nc4 Be7 20.Ra1 Rxa1 21.Rxa1 b5 22.Nd6 Bxd6
23.cxd6 Qb6 24.Be3 Qb7 25.d5 c5 26.bxc5 Qxd5 27.c6 Ne5 28.d7 Nxd7 29.cxd7 Qxd7
30.Qd4 Qxd4 31.Bxd4 Rd8 32.Bb6 Rd5 33.Kf1 Kh7 34.Ke2 Kg6 35.Rc1 h5 36.Rc5 Rxc5
37.Bxc5 Kf5 38.Ke3 Kg4 39.h4 Kf5 40.Kd4 f6 41.Bf8 g5 42.Be7 gxh4 43.gxh4 b4
44.Bxb4 Kf4 45.Be7 f5 46.Bg5+ Kf3 47.Ke5 Kxf2 48.Kxe6 Kg3 49.Kxf5 e3 50.Bxe3 Kxh4  1/2-1/2

[Event "Szirak"]
[Site "Szirak"]
[Date "1985.??.??"]
[Round "6"]
[White "Georgiev, Kiril"]
[Black "Pinter, Jozsef"]
[Result "1/2-1/2"]
[WhiteElo "2555"]
[BlackElo "2565"]

1.d4 Nf6 2.c4 e6 3.Nf3 d5 4.Nc3 c5 5.cxd5 Nxd5 6.e4 Nxc3 7.bxc3 cxd4 8.cxd4 Nc6
9.Bc4 b5 10.Be2 Bb4+ 11.Bd2 Qa5 12.a4 Bxd2+ 13.Qxd2 Qxd2+ 14.Kxd2 bxa4 15.d5 exd5
16.Bb5 Bd7 17.exd5 Ne5 18.Bxd7+ Nxd7 19.Rhe1+ Kf8 20.Rxa4 Nb6 21.Ra6 Nxd5
22.Rea1 Ke7 23.Ne5 Rhc8 24.R1a5 Nc7 25.Rxa7 Rxa7 26.Rxa7 Ke6 27.f4 h6 28.g3 g5
29.Nd3 f6 30.g4 Kd6 31.Ra4 Ra8 32.Rd4+ Ke7 33.Nc5 Rd8 34.Rxd8 Kxd8 35.Kd3 gxf4
36.Ke4 Ke7 37.Nd3 Ne8 38.Nxf4 Nd6+ 39.Kd5 f5 40.Ng6+ Kd7 41.gxf5 Nxf5 42.h3  1/2-1/2

[Event "Szirak"]
[Site "Szirak"]
[Date "1985.??.??"]
[Round "10"]
[White "Georgiev, Kiril"]
[Black "Utasi, Tamas"]
[Result "1/2-1/2"]
[WhiteElo "2555"]
[BlackElo "2485"]

1.Nf3 d5 2.d4 Nf6 3.c4 e6 4.g3 Bb4+ 5.Bd2 Bd6 6.Bg2 O-O 7.O-O c6 8.Qb3 b6
9.Nc3 Nbd7 10.Rfe1 Bb7 11.Rac1 Be7 12.cxd5 cxd5 13.Bf4 a6 14.Na4 Ne8 15.Ne5 Nxe5
16.Bxe5 b5 17.Nc5 Ra7 18.e4 Nf6 19.Nxb7 Rxb7 20.exd5 Nxd5 21.Bxd5 exd5 22.Rc6 Ra7
23.Kg2 Qd7 24.Qc2 Rd8 25.h3 Bf8 26.Rc1 Qe7 27.Qf5 Rdd7 28.Qg4 Ra8 29.Re1 h5
30.Qd1 Qb4 31.Re3 f6 32.Bc7 Qxb2 33.Rc2 Qb4 34.Qxh5 Qb1 35.Qe2 Qb4 36.Qg4 Re7
37.Rb3 Qe1 38.Bb6 Rae8 39.Bc5 Qe4+ 40.Qxe4 Rxe4 41.Ra3 R8e6 42.Bxf8 Kxf8
43.Rc8+ Kf7 44.Rc7+ Kg6 45.Rd3 Re2 46.a3 Rb2 47.Rd7 a5 48.Rxd5 Ree2 49.Rf3 a4
50.Rd7 b4 51.axb4 a3 52.Ra7 a2 53.g4 Rxb4 54.Re3 Rb7 55.Rxb7 Rxe3 56.Ra7 Rd3
57.Rxa2 Rxd4 58.Kg3 Rd3+ 59.f3 Rb3 60.h4 Rc3 61.Ra7 Rb3 62.Re7 Ra3 63.Kf4 Rb3
64.Re3 Rb4+ 65.Re4 Rb3 66.Rd4 Ra3 67.Ke4 Rb3 68.f4 f5+ 69.gxf5+ Kf6 70.Rd6+ Kf7
71.Rd7+ Kf6 72.Rd6+ Kf7 73.Rd3 Rb1 74.Rd7+ Kf6 75.Rd6+ Kf7 76.Rd8 Re1+ 77.Kf3 Rf1+
78.Ke3 Re1+ 79.Kf2 Rh1 80.Rh8 Rh3 81.Kg2 Ra3 82.Rh5 Rb3 83.Rg5 Kf6 84.h5 Ra3
85.Rg3 Ra7 86.Rg5 Ra3 87.Rg3 Ra7 88.Kf3 Kxf5 89.Rg5+ Kf6 90.Kg4 Ra1 91.Rg6+ Kf7
92.Rb6 Ra5 93.h6 gxh6 94.Rxh6 Rb5 95.Rh7+ Kf6 96.Rc7 Ra5 97.Rc6+ Kg7 98.f5 Ra1
99.Rc7+ Kf6 100.Rc6+ Kf7 101.Kf4 Rf1+ 102.Ke4 Re1+ 103.Kd4 Rd1+ 104.Ke3 Re1+
105.Kf2 Re5 106.f6 Re4 107.Kf3 Ra4 108.Ke3 Rh4 109.Rd6 Rh6 110.Ke4 Rxf6 111.Rxf6+ Kxf6  1/2-1/2

[Event "Szirak"]
[Site "Szirak"]
[Date "1985.??.??"]
[Round "11"]
[White "Sax, Gyula"]
[Black "Georgiev, Kiril"]
[Result "1/2-1/2"]
[WhiteElo "2535"]
[BlackElo "2555"]

1.e4 c5 2.Nf3 d6 3.d4 cxd4 4.Nxd4 Nf6 5.Nc3 g6 6.g3 Nc6 7.Bg2 Nxd4 8.Qxd4 Bg7
9.O-O O-O 10.h3 Be6 11.Qd1 Rc8 12.Nd5  1/2-1/2

[Event "Szirak"]
[Site "Szirak"]
[Date "1985.??.??"]
[Round "13"]
[White "Djuric, Stefan"]
[Black "Georgiev, Kiril"]
[Result "1/2-1/2"]
[WhiteElo "2485"]
[BlackElo "2555"]

1.d4 d5 2.c4 c6 3.cxd5 cxd5 4.Nc3 Nc6 5.Nf3 Nf6 6.Bf4 Bf5 7.e3 e6 8.Bd3 Bxd3
9.Qxd3 Bd6 10.Bxd6 Qxd6 11.O-O O-O 12.Rac1 Rac8 13.h3 h6  1/2-1/2

[Event "Dubai ol (Men)"]
[Site "Dubai"]
[Date "1986.??.??"]
[Round "1"]
[White "Saeed, NM."]
[Black "Georgiev, Kiril"]
[Result "0-1"]
[WhiteElo "2230"]
[BlackElo "2535"]

1.d4 Nf6 2.c4 g6 3.Nf3 Bg7 4.Nc3 O-O 5.g3 d6 6.Bg2 Nbd7 7.O-O e5 8.h3 c6
9.e4 a5 10.Re1 exd4 11.Nxd4 Re8 12.Be3 a4 13.Qc2 Nc5 14.Rad1 Nfd7 15.f4 Qa5
16.Bf2 Qb4 17.a3 Qa5 18.Nde2 Bf8 19.Nc1 Nb6 20.N3a2 Be6 21.Bf1 f5 22.e5 dxe5
23.Rxe5 Nbd7 24.Re2 Ne4 25.Bd4 Nxg3 26.Rxe6 Rxe6 27.Bf2 Nxf1 28.Rxd7 Ne3
29.Qd3 Rae8 30.Nc3 Qa6 31.Qd4 Qxc4 32.Bxe3 Qxd4 33.Bxd4 Re1+ 34.Kg2 Rxc1
35.Rxb7 Rc2+ 36.Kg3 Rd2 37.Be5 Red8 38.Nxa4 R8d3+ 39.Kh4 h6  0-1

[Event "Lugano op"]
[Site "Lugano"]
[Date "1986.??.??"]
[Round "?"]
[White "Georgiev, Kiril"]
[Black "Pieterse, Gert"]
[Result "0-1"]
[WhiteElo "2545"]
[BlackElo "2255"]

1.d4 d5 2.c4 e6 3.Nc3 c6 4.Nf3 dxc4 5.e3 b5 6.a4 Bb4 7.Bd2 a5 8.axb5 Bxc3
9.Bxc3 cxb5 10.b3 Bb7 11.d5 Nf6 12.bxc4 b4 13.Bxf6 gxf6 14.e4 Nd7 15.Nd4 Nc5
16.Bd3 e5 17.Nb3 Qb6 18.Bc2 Bc8 19.O-O Rg8 20.Kh1 Bd7 21.f4 Rg6 22.fxe5 Nxb3
23.Bxb3 fxe5 24.Qh5 Qd4 25.Qxh7 O-O-O 26.Qxf7 Rh6 27.Qf2 Rdh8 28.Qxd4 Rxh2+
29.Kg1 exd4 30.Rf8+ Rxf8 31.Kxh2 Re8 32.c5 Rxe4 33.Rxa5 Re3 34.Bd1 Ra3 35.Rxa3 bxa3
36.Bb3 Ba4  0-1

[Event "Lugano op"]
[Site "Lugano"]
[Date "1986.??.??"]
[Round "?"]
[White "Kindermann, Stefan"]
[Black "Georgiev, Kiril"]
[Result "0-1"]
[WhiteElo "2495"]
[BlackElo "2545"]

1.e4 c5 2.Nf3 d6 3.d4 cxd4 4.Nxd4 Nf6 5.Nc3 g6 6.Bc4 Bg7 7.h3 O-O 8.O-O a6
9.Bb3 b5 10.Nd5 Bb7 11.Nxf6+ Bxf6 12.Bh6 Bg7 13.Qd2 e5 14.Bxg7 Kxg7 15.Ne2 Bxe4
16.Rad1 Bc6 17.Qxd6 Qxd6 18.Rxd6 Ra7 19.Rfd1 Rd7 20.c4 b4 21.Bc2 Rfd8 22.Rxd7 Rxd7
23.Rxd7 Nxd7 24.f4 exf4 25.Nxf4 Nc5 26.Kf2 Kf6 27.Ke3 Ke5 28.h4 h6 29.Bd1 g5
30.hxg5 hxg5 31.Nh3 f6 32.g3 a5 33.Nf2 f5 34.Nh3 Ne6 35.Be2 Bg2 36.Nf2 f4+
37.gxf4+ gxf4+ 38.Kd2 Kd4 39.b3 Nc5 40.Bd1 Be4 41.Nh3 f3 42.Ng1  0-1

[Event "Plovdiv"]
[Site "Plovdiv"]
[Date "1986.??.??"]
[Round "?"]
[White "Georgiev, Kiril"]
[Black "Gligoric, Svetozar"]
[Result "1/2-1/2"]
[WhiteElo "2545"]
[BlackElo "2515"]

1.Nf3 Nf6 2.c4 c5 3.Nc3 Nc6 4.d4 cxd4 5.Nxd4 e6 6.g3 Qb6 7.Nb3 d5 8.cxd5 Nxd5
9.Nxd5 exd5 10.Bg2 Bb4+ 11.Bd2 a5 12.O-O Bxd2 13.Qxd2 a4 14.Nc1 O-O 15.Nd3 Bf5
16.Nf4 d4 17.Rfd1 Rfd8 18.Nd5 Qa5 19.Qxa5 Rxa5 20.e4 Be6 21.Rd2 f5 22.Nf4 Bf7
23.Nd3 Bc4 24.exf5 Rxf5 25.f4 Bxd3 26.Rxd3 Rc5 27.Rad1 Rc2 28.R3d2 Rxd2 29.Rxd2 Kf7
30.Kf2 Kf6 31.Be4 h6 32.Kf3 Nb4 33.a3 Na6 34.Bxb7 Nc5 35.Bc6 d3 36.Bb5 Rd6
37.Rd1 Rb6 38.Bxd3 Rxb2 39.Bc4 Rc2 40.Bd5 Rc3+ 41.Kg4 Nd3 42.Rb1 Nf2+ 43.Kh4 Rxa3
44.Rb6+ Ke7 45.Rb7+ Kd6 46.Bg8 g5+ 47.fxg5 hxg5+ 48.Kxg5 Rf3 49.Ra7 Ne4+
50.Kg4 Rf2 51.Bh7 Nf6+ 52.Kg5 Nxh7+ 53.Rxh7 Rb2 54.h4 Rb5+ 55.Kg4 Ra5 56.Rb7 a3
57.Rb1 a2 58.Ra1 Ke6 59.Kf4 Kf6  1/2-1/2

[Event "Quebec int"]
[Site "Quebec"]
[Date "1986.??.??"]
[Round "?"]
[White "Georgiev, Kiril"]
[Black "Schroer, Jonathan"]
[Result "1-0"]
[WhiteElo "2545"]
[BlackElo "2370"]

1.e4 c5 2.Nf3 d6 3.d4 cxd4 4.Nxd4 Nf6 5.Nc3 a6 6.Be2 e6 7.f4 Be7 8.O-O O-O
9.Kh1 Qc7 10.a4 Nc6 11.Be3 Re8 12.Bd3 Nxd4 13.Bxd4 e5 14.Be3 Bd7 15.a5  1-0

[Event "Quebec int"]
[Site "Quebec"]
[Date "1986.??.??"]
[Round "7"]
[White "Georgiev, Kiril"]
[Black "Barbeau, Sylvain"]
[Result "1-0"]
[WhiteElo "2545"]
[BlackElo "2290"]

1.e4 c6 2.c4 d5 3.exd5 cxd5 4.cxd5 Nf6 5.Bb5+ Nbd7 6.Nc3 a6 7.Qa4 Rb8 8.Bxd7+ Bxd7
9.Qb3 b5 10.d4 Qa5 11.Bg5 Rb6 12.Bxf6 gxf6 13.Ne2 h5 14.O-O Rg8 15.Ne4 Bh6
16.d6 b4 17.dxe7 Re6 18.Nc5 Rxe2 19.Qd5 Rxe7 20.Nxd7 Qxd5 21.Nxf6+ Kd8 22.Nxd5 Rb7
23.Rfe1 Rg6 24.Re5 Rb5 25.Rae1 Bg5 26.f4 Bh4 27.g3 Kd7 28.Rxh5 Bd8 29.Rf5 Kd6
30.Ne3 Bb6 31.Nc4+ Kc6 32.Ne5+  1-0

[Event "BUL-DDR"]
[Site "Sofia"]
[Date "1986.??.??"]
[Round "1"]
[White "Uhlmann, Wolfgang"]
[Black "Georgiev, Kiril"]
[Result "1/2-1/2"]
[WhiteElo "2505"]
[BlackElo "2545"]

1.c4 e6 2.Nc3 d5 3.d4 Be7 4.Nf3 Nf6 5.Bg5 h6 6.Bh4 O-O 7.Rc1 dxc4 8.e3 c5
9.Bxc4 cxd4 10.Nxd4 Bd7 11.O-O Nc6 12.Nf3 Rc8 13.a3 Nh5 14.Bxe7 Qxe7 15.Ne4 Rfd8
16.Qd6 Be8 17.Qxe7 Nxe7 18.Be2 Bc6 19.Nc5 Nf6 20.Nd4 Bd5 21.Rfd1 Ne4 22.Nxe4 Bxe4
23.f3 Bd5 24.Kf2 Kf8 25.e4 Bc6 26.Rd2 Be8 27.Rcd1 Nc6 28.Nb5 Rxd2 29.Rxd2 Ke7
30.Ke3 Bd7 31.Nd6 Rc7 32.b4 g5 33.g3 f6 34.f4 a6 35.b5 axb5 36.Bxb5 Nb8 37.Rd3 b6
38.Kf3 Rc5 39.Bxd7 Nxd7 40.h4 Rc6 41.Nb5 Rc5 42.Nd4  1/2-1/2

[Event "BUL-DDR"]
[Site "Sofia"]
[Date "1986.??.??"]
[Round "2"]
[White "Knaak, Rainer"]
[Black "Georgiev, Kiril"]
[Result "1-0"]
[WhiteElo "2510"]
[BlackElo "2545"]

1.d4 Nf6 2.c4 e6 3.Nc3 Bb4 4.e3 O-O 5.Bd3 d5 6.Nf3 c5 7.O-O Nc6 8.a3 Bxc3
9.bxc3 dxc4 10.Bxc4 Qc7 11.Ba2 e5 12.h3 e4 13.Nh2 Bf5 14.Ng4 Nxg4 15.hxg4 Bg6
16.a4 Rad8 17.Qe2 Rfe8 18.Ba3 b6 19.Bc4 Na5 20.Ba6 f6 21.Rad1 Bf7 22.Bb5 Rf8
23.f4 exf3 24.Rxf3 Bg6 25.e4 Nb7 26.e5 fxe5 27.Rxf8+ Rxf8 28.dxe5 Rd8 29.Rf1 Qe7
30.Bc1 h6 31.g5 Rf8 32.Rxf8+ Qxf8 33.gxh6 gxh6 34.e6 Nd6 35.e7 Qc8 36.Qe5 Ne8
37.Bc4+ Kh7 38.Qf4  1-0

[Event "BUL-DDR"]
[Site "Sofia"]
[Date "1986.??.??"]
[Round "2"]
[White "Georgiev, Kiril"]
[Black "Uhlmann, Wolfgang"]
[Result "1-0"]
[WhiteElo "2545"]
[BlackElo "2505"]

1.d4 Nf6 2.c4 g6 3.g3 c6 4.Bg2 d5 5.cxd5 cxd5 6.Nf3 Bg7 7.O-O O-O 8.Ne5 e6
9.Nc3 Nfd7 10.Nf3 Nc6 11.Bf4 Qb6 12.Na4 Qa6 13.Rc1 b5 14.Nc3 Bb7 15.Qd3 b4
16.Nb5 e5 17.dxe5 Ncxe5 18.Nxe5 Nxe5 19.Bxe5 Bxe5 20.Bxd5 Bxd5 21.Qxd5 Bxb2
22.Rc6 Qa5 23.Qc4 Rab8 24.Nc7 Rbc8 25.Nd5 Rxc6 26.Ne7+ Kg7 27.Nxc6 Qb6 28.Nxb4 Rd8
29.Nd3 Bf6 30.Rc1 Rd4 31.Qc6 Qa5 32.Rc2 h5 33.h3 Rd8 34.Kg2 Rb8 35.Qd7 Rd8
36.Qb7 Rd6 37.Qe4 Qd8 38.Rc6 Qa8 39.Rc4 Qxe4+ 40.Rxe4 Ra6 41.a4 Rc6 42.f4 Rc2
43.Kf3 a5 44.g4 hxg4+ 45.hxg4 g5 46.f5 Rc3 47.Re8 Ra3 48.Re4 Rc3 49.Ke3 Kf8
50.Kd2 Rc7 51.e3 Kg7 52.Ke2 Rc3 53.Ne1 Rc8 54.Kd3 Rc3+ 55.Kd2 Rc8 56.Nf3 Kh6
57.Kd3 Rc3+ 58.Ke2 Rc2+ 59.Kd3 Rc3+ 60.Kd2 Rc8 61.Ne5 Bxe5 62.Rxe5 Rc4 63.Rxa5 Rxg4
64.Ra6+ Kg7 65.Ke2 Rb4 66.a5 Ra4 67.Kf3 Ra3 68.Kg4 Rxe3 69.Kxg5 Rg3+ 70.Kf4 Ra3
71.Ke5 Ra1 72.Kd4 Ra2 73.Kc5 Ra1 74.Kb4 Rb1+ 75.Ka4 Ra1+ 76.Kb3 Rb1+ 77.Ka4 Ra1+
78.Kb5 Rb1+ 79.Kc6 Kf6 80.Rb6 Rc1+ 81.Kb7+ Kxf5 82.a6 Re1 83.a7 Re8 84.Ka6 Ra8  1-0

[Event "Leningrad"]
[Site "Leningrad"]
[Date "1987.??.??"]
[Round "?"]
[White "Georgiev, Kiril"]
[Black "Torre, Eugenio"]
[Result "1-0"]
[WhiteElo "2590"]
[BlackElo "2540"]

1.e4 d6 2.d4 Nf6 3.Nc3 g6 4.f3 c6 5.Be3 b5 6.Qd2 Nbd7 7.Nh3 Bg7 8.Nf2 O-O
9.a4 b4 10.Ncd1 a5 11.Be2 e5 12.c3 bxc3 13.bxc3 Re8 14.O-O d5 15.dxe5 Nxe5
16.f4 Neg4 17.e5 Nxe3 18.Nxe3 Nd7 19.c4 d4 20.Qxd4 f6 21.Qe4 Qc7 22.Bf3 Bb7
23.Rae1 Nc5 24.Qc2 Ne6 25.Ne4 fxe5 26.Ng4 Rf8 27.fxe5 Bxe5 28.c5 Nd4 29.Qc4+ Kh8
30.Bd1 Rxf1+ 31.Qxf1 Ba6 32.Qf2 Bg7 33.Ngf6 Qe5 34.Qh4 h6 35.Nd7 Qf5 36.Qe7 Qf4
37.Nef6 Bc4 38.Qe8+ Rxe8 39.Rxe8+ Bf8 40.Rxf8+  1-0

[Event "Leningrad"]
[Site "Leningrad"]
[Date "1987.??.??"]
[Round "?"]
[White "Georgiev, Kiril"]
[Black "Tukmakov, Vladimir B"]
[Result "1-0"]
[WhiteElo "2590"]
[BlackElo "2575"]

1.e4 c6 2.d4 d5 3.Nc3 dxe4 4.Nxe4 Nd7 5.Bc4 Ngf6 6.Nxf6+ Nxf6 7.c3 b5 8.Bb3 e6
9.Nf3 Be7 10.O-O Bb7 11.Qe2 O-O 12.Ne5 Qb6 13.Bg5 c5 14.dxc5 Qxc5 15.Bxf6 Bxf6
16.Nd7 Qc6 17.Nxf6+ gxf6 18.f3 Qc5+ 19.Qf2 Qxf2+ 20.Kxf2 Rfd8 21.Rfd1 Bc6
22.Rxd8+ Rxd8 23.Rd1 Rxd1 24.Bxd1 f5 25.Ke3 e5 26.g3 f6 27.Bb3+ Kg7 28.Be6 Kg6
29.f4 a5 30.a4 bxa4 31.c4 Be8 32.c5 Bc6 33.Bc8  1-0

[Event "Leningrad"]
[Site "Leningrad"]
[Date "1987.??.??"]
[Round "?"]
[White "Romanishin, Oleg M"]
[Black "Georgiev, Kiril"]
[Result "1-0"]
[WhiteElo "2570"]
[BlackElo "2590"]

1.Nf3 Nf6 2.c4 e6 3.Nc3 d5 4.d4 Be7 5.Bg5 h6 6.Bh4 O-O 7.e3 b6 8.Bd3 Bb7
9.O-O Nbd7 10.Bg3 c5 11.Rc1 a6 12.cxd5 Nxd5 13.Nxd5 Bxd5 14.e4 Bb7 15.Bb1 Nf6
16.Qe2 Rc8 17.Rcd1 c4 18.d5 exd5 19.e5 Nh5 20.Nd4 Nxg3 21.hxg3 Bc5 22.f4 b5
23.Kh2 Qb6 24.Nf5 g6 25.Qg4 Qe6 26.Nxh6+ Kg7 27.f5 Qxe5 28.fxg6 f5 29.Rxf5 Rxf5
30.Nxf5+ Qxf5 31.Bxf5 Rh8+ 32.Qh4 Rxh4+ 33.gxh4 d4 34.h5 d3 35.Bxd3 cxd3
36.Rxd3 Bc8 37.Kg3 Be7 38.Kf4 Kh6 39.g4 Bg5+ 40.Kg3 Bf6 41.b3 Be5+ 42.Kh4  1-0

[Event "Lugano op"]
[Site "Lugano"]
[Date "1987.??.??"]
[Round "?"]
[White "Georgiev, Kiril"]
[Black "Suba, Mihai"]
[Result "1-0"]
[WhiteElo "2590"]
[BlackElo "2560"]

1.c4 Nf6 2.g3 c6 3.Bg2 d5 4.Nf3 Bf5 5.cxd5 cxd5 6.Qb3 Qb6 7.Nc3 e6 8.d3 Nc6
9.O-O Be7 10.Be3 Qxb3 11.axb3 O-O 12.Nd4 Nxd4 13.Bxd4 a6 14.e4 Bg6 15.exd5 Nxd5
16.Nxd5 exd5 17.Rfe1 Bb4 18.Bc3 Bxc3 19.bxc3 Rac8 20.c4 dxc4 21.dxc4 Rc7
22.Ra4 b5 23.cxb5 axb5 24.Rb4 Bd3 25.Be4 Bxe4 26.Rexe4 Rb7 27.Re5 Rfb8 28.Kg2 f6
29.Rc5 Kf7 30.h4 Ke6 31.Re4+ Kf7 32.Rd4 Ra8 33.Rb4 Ra5 34.h5 Ke6 35.Re4+ Kd6
36.Rf5 h6 37.Rd4+ Kc6 38.Rfd5 Re7 39.b4 Ra2 40.Rc5+ Kb6 41.Rd6+ Kb7 42.Rxb5+ Kc7
43.Rd4 Rb2 44.Rc4+ Kd6 45.Rb6+ Kd5 46.Rf4 Ke5 47.Rb5+ Kd6 48.Rd4+ Kc6 49.Rb8 Kc7
50.Rg8 Kc6 51.Rg4 Ree2 52.Rf4 Re7 53.Kh3 Kd5 54.Kg4 Ke5 55.f3 Rb7 56.Re4+ Kd6
57.Rd8+ Kc6 58.Rc4+ Kb5 59.Rcd4 Ka4 60.R8d7 Rb5 61.Rxg7 Rh2 62.Ra7+ Kb3 63.Ra5 Rb8
64.Rf5 Kc3 65.Re4 Rf8 66.b5 Rg2 67.Kf4 Rb2 68.g4  1-0

[Event "Varna m"]
[Site "Varna"]
[Date "1987.??.??"]
[Round "1"]
[White "Ftacnik, Lubomir"]
[Black "Georgiev, Kiril"]
[Result "1/2-1/2"]
[WhiteElo "2540"]
[BlackElo "2590"]

1.d4 Nf6 2.c4 e6 3.Nf3 d5 4.Nc3 Be7 5.Bg5 h6 6.Bxf6 Bxf6 7.e3 O-O 8.Rc1 a6
9.a3 c6 10.Bd3 Nd7 11.O-O dxc4 12.Bxc4 b5 13.Ba2 c5 14.Ne4 c4 15.Nxf6+ Nxf6
16.b3 cxb3 17.Bxb3 Bb7 18.Ne5 Rc8 19.Nd3 Rxc1 20.Qxc1 Qa8 21.f3 Rc8 22.Qb2 Bd5
23.Nc5 Bxb3 24.Qxb3 Qd5 25.Rb1 Rc6 26.a4 Qxb3 27.Rxb3 bxa4 28.Ra3 Nd5 29.Kf2 Nb6
30.Ke2 Kf8  1/2-1/2

[Event "Varna m"]
[Site "Varna"]
[Date "1987.??.??"]
[Round "4"]
[White "Georgiev, Kiril"]
[Black "Ftacnik, Lubomir"]
[Result "1/2-1/2"]
[WhiteElo "2590"]
[BlackElo "2540"]

1.d4 Nf6 2.c4 g6 3.Nf3 Bg7 4.g3 O-O 5.Bg2 d5 6.O-O c6 7.Nbd2 Bf5 8.b3 Qa5
9.Bb2 Ne4 10.a3 Nd7 11.b4 Qa6 12.Rc1 Bh6 13.e3 Nxd2 14.Nxd2 Bd3 15.Qb3 Bxf1
16.Bxf1 Qb6 17.cxd5 cxd5 18.Qxd5 Nf6 19.Qb3 Rac8 20.Rc5 Qd8 21.Ra5 Qc7 22.Rc5 Qd8
23.Nc4 b6 24.Rxc8 Qxc8 25.Ne5 Ne4 26.Bd3 Nd6 27.b5 Qc7 28.a4 Bg7 29.Nc6 a6
30.Ba3 axb5 31.axb5 Ra8 32.Bb4 e6 33.d5 e5 34.e4 f5 35.exf5 gxf5 36.Bxf5 Nxf5
37.Ne7+ Kh8 38.Nxf5 Qc1+ 39.Kg2 Ra1 40.Qd3 e4 41.Qe2 Qd1 42.Qxd1 Rxd1 43.d6 Bf6
44.Ne3 Rb1 45.Nd5 Kg7 46.Bc3 Bxc3 47.Nxc3 Rb4 48.Nd5 Rd4 49.Nxb6 Rxd6 50.Nc4 Rd4
51.Ne3 Rb4 52.g4 Rxb5 53.Kg3 Rb2  1/2-1/2